00879cam a22002414a 450000100090000000300040000900500170001300800410003002000150007104000180008608200150010410000200011924501450013924600490028426000490033330000370038265000240041965000150044365000500045870000170050871000310052585600810055614584519OSt20230605104540.0061005s2006 enka 001 0 eng  a9291422975 aDLCcDLCdDLC00a328.3bBEE1 aBeetham, David.10aParliament and democracy in the twenty-first century :ba guide to good practice /cDavid Beetham.; [cover and illustrations by Aloys Lolo].12aParliament and democracy in the 21st century aGeneva :bInter-Parliamentary Union ,c2006. aXI,209 pbill., tables ;c23 cm. 0aLegislative bodies. 0aDemocracy. 0aRepresentative government and representation.1 aLolo, Aloys.2 aInter-parliamentary Union.413Table of contents onlyuhttp://www.loc.gov/catdir/toc/fy0706/2006483854.html